Statistics for Countries By Scottish Population

Click here to take the quiz!

General Stats

  • This quiz has been taken 40 times
  • The average score is 11 of 15

Answer Stats

PeopleCountry% Correct
4,71 milCanada
100%
795,000England
97%
5,39 milUnited States
97%
1,78 milAustralia
94%
45,000France
91%
5,45 milScotland
91%
12,800New Zealand
88%
280,000Argentina
74%
30,000Brazil
74%
1,400Norway
71%
11,100South Africa
71%
120,000Chile
62%
15,000Poland
44%
12,000Uruguay
38%
2,500Mann
0%

Score Distribution

Percentile by Number Answered

Percent of People with Each Score

Your Score History

You have not taken this quiz